Microbiology for GNM (Record no. 1386)

MARC details
000 -LEADER
Fixed length control field 00485nam a2200193Ia 4500
003 - CONTROL NUMBER IDENTIFIER
Control field IIN
005 - DATE AND TIME OF LATEST TRANSACTION
Control field 20240124122657.0
008 - FIXED-LENGTH DATA ELEMENTS--GENERAL INFORMATION
Fixed length control field 231217s9999 xx 000 0 und d
020 ## - INTERNATIONAL STANDARD BOOK NUMBER / ISBN
Price Rs.295.00
International Standard Book Number 9789386006080
040 ## - CATALOGING SOURCE
Original cataloging agency IIN
Language of cataloging English
082 ## - DEWEY DECIMAL CLASSIFICATION NUMBER
Classification number 579
Book Number MUR
100 1# - MAIN ENTRY--PERSONAL NAME
Personal name Murugan, Arukumar
245 1# - TITLE STATEMENT
Title Microbiology for GNM
Statement of responsibility Arukumar Murugan
250 ## - EDITION STATEMENT
Edition statement 2nd ed
260 ## - IMPRINT
Name of publisher EMMESS
Place of publication Bangalore
Date of publication 2022
300 ## - PHYSICAL DESCRIPTION
Page / Vol. No viii, 144p.
650 1# - SUBJECT ADDED ENTRY--TOPICAL TERM
Topical term Microbiology
942 ## - ADDED ENTRY ELEMENTS (KOHA)
Koha item type Books
Holdings
Withdrawn status Lost status Damaged status Not for loan Collection code Home library Current library Date acquired Price Total Checkouts Call number Accession number Date last seen Price effective from Koha item type Source of classification Shelving location
          IDEAL INSTITUTE OF NURSING IDEAL INSTITUTE OF NURSING 17/12/2023 295.00   579 MUR 1380 17/12/2023 17/12/2023 Books    
          IDEAL INSTITUTE OF NURSING IDEAL INSTITUTE OF NURSING 17/12/2023 295.00   579 MUR 1381 17/12/2023 17/12/2023 Books    
          IDEAL INSTITUTE OF NURSING IDEAL INSTITUTE OF NURSING 17/12/2023 295.00   579 MUR 1382 17/12/2023 17/12/2023 Books    
        Purches Book IDEAL INSTITUTE OF NURSING IDEAL INSTITUTE OF NURSING 11/03/2025     579 MUR 1885 12/04/2025 12/04/2025 Books Dewey Decimal Classification General Stacks
© Ideal Institute Of Nursing, All rights reserved.         Powered by Koha